| 000 | 00601nam a2200217 a 4500 | ||
|---|---|---|---|
| 001 | 40051 | ||
| 003 | BD-RjUL | ||
| 005 | 20211209053127.0 | ||
| 008 | 160421s1987 ii ||||| |||| 00| 0 urd d | ||
| 035 | _a(BD-RjUL)40166 | ||
| 040 |
_aBD-RjUL _beng _cBD-RjUL |
||
| 041 | _aurd | ||
| 082 |
_223 _a891.439092 _bSIG 1987 |
||
| 100 |
_aSiddiquee, Rashid Ahmed _9123344 |
||
| 245 | 1 | 0 |
_aganj haiey garamaya / _cRashid Ahmed Siddiquee |
| 260 |
_aMew Delhi: _bMaktuba i Jameya, _c1987 |
||
| 300 |
_a288 p. ; _c18 cm. |
||
| 500 | _a " Text in Urdu" | ||
| 650 |
_aUrdu Literature _9123345 |
||
| 942 |
_2ddc _cBK _01 |
||
| 999 |
_c40051 _d40051 |
||